Nicki Minaj Quiz - Statistics

General Stats
  • This quiz has been taken 839 times
  • The average score is 10 of 14
Answer Stats
Question Answer % Correct
Her real first name Onika
93%
2010 song: Super ____ Bass
91%
2012 song: Star_____ Ships
88%
2012 song: Pound the _____ Alarm
86%
2010 album: Pink ______ Friday
86%
Bang Bang was a song with Nicki Minaj, Ariana Grande and ... Jessie J
85%
Song sharing the name of a snake Anaconda
84%
Country she was born in Trinidad and Tobago
84%
2014 album: The Pink_____ Print
80%
Studio Album: Roman ________ Reloaded
67%
She joined the panel of the TV talent show American Idol
59%
She starred in this 2016 film Barbershop: The Next Cut
38%
She was proposed to by this DJ DJ Khaled
29%
2012 album: ______ Barbie Ghetto
13%
No matching quizzes found
Score Distribution
Percent of People with Each Score
Percentile by Number Answered
Your Score History
You have not taken this quiz